| 000 | 00376nam a2200145Ia 4500 | ||
|---|---|---|---|
| 008 | 231129s1995||||xx |||||||||||||| ||spa|| | ||
| 020 | _a958-95830-1-6 | ||
| 040 | _bspa | ||
| 082 | _a649.1 B467p | ||
| 100 | _aBenitez Tobon Jaime | ||
| 245 | 0 | _aPor los ninos de Colombia | |
| 260 | _c1995 | ||
| 264 | _aMarin Vieco | ||
| 942 |
_2ddc _cBKS |
||
| 999 |
_c23058 _d23058 |
||